000 01011cam a22002417a 4500
020 _a1859962386 (hbk.)
040 _cUKM
082 0 4 _a596 DIS 2003 C154 Or.
245 0 0 _aVertebrate biomechanics and evolution /
246 3 0 _aBiomechanics and evolution
260 _aOxford, UK :
_bBIOS Scientific ;
_aNew York :
_bDistributed exclusively in America by Springer Verlag,
_c2003.
300 _axi, 332 p. :
_bill. ;
_c24 cm.
500 _a"The initial basis for this book was the organisation of a symposium 'Biomechanics and evolution' held at the University of Canterbury in 2001, sponsored by the Society for Experimental Biology (SEB). Only selected papers on vertebrates are presented in this book"--Pref.
650 0 _aVertebrates
650 0 _aBiomechanics
650 6 _aVertébrés
650 6 _aBiomécanique
700 1 _aBels, V. L.
700 1 _aGasc, Jean Pierre.
700 1 _aCasinos, A.
856 4 2 _uhttp://www.loc.gov/catdir/enhancements/fy0702/2006491393-d.html
942 _cAEDBB
999 _c18921
_d18921